000 00642nam a2200181Ia 4500
003 GCL
008 140319s9999 xx 000 0 ara d
040 _aGCL /
_cGCL
082 0 4 _a210.9
_bت ح
100 1 _aتوفيق يوسف الواعى
245 1 0 _aالحضارة الاسلامية: مقارنة بالحضارة الغربية /
_cتوفيق يوسف الواعى
260 _a[S.N] :
_bدار الوفاء للطباعة والنشر والتوزيع ،
_c1988
300 _a858 ص\
490 _a
650 0 4 _aالحضارة الاسلامية
650 0 4 _aالاسلام والحضارة الغربية
942 _2ddc
_cBK
999 _c53322
_d53322